El espejo de la muerte

Guardat en:
Dades bibliogràfiques
Autor principal: Unamuno, Miguel de (Autor)
Format: Llibre
Idioma:espanyol
Publicat: Buenos Aires Espasa Calpe 1947
Edició:4a. ed
Col·lecció:Colección Austral
Matèries:
Etiquetes: Afegir etiqueta
Sense etiquetes, Sigues el primer a etiquetar aquest registre!

MARC

LEADER 00000nam a2200000 a 4500
001 UCT6742
003 CL-VaPUC
008 970113e19470000AG |||||||||||||||||spa|d
082 0 4 |a 863  |b UNA  |2 21 
100 0 |a Unamuno, Miguel de  |e author  |9 312478 
245 1 3 |a El espejo de la muerte 
250 |a 4a. ed 
300 |a 162 p 
942 |c BK 
945 |d 19970113 00:00:00  |a nastorga 
260 |a Buenos Aires  |b Espasa Calpe  |c 1947 
650 0 |a Novelas españolas  |9 265052 
583 |a last modification  |c 19970113 00:00:00  |k Rodrigo Vera 
490 0 |a Colección Austral 
999 |c 255418  |d 255416 
952 |0 0  |1 0  |4 0  |6 863_000000000000000_UNA_1947  |7 0  |8 A  |9 277645  |a BIBEDU  |b BIBEDU  |d 2019-11-19  |i 3274055  |o 863 UNA 1947  |p 3274055  |r 2019-11-19  |w 2019-11-19  |y BK  |k LIT